UK property industry unites for consumers (Record no. 76060)
[ view plain ]
| 000 -LEADER | |
|---|---|
| fixed length control field | 01056cab a2200193 4500 |
| 001 - CONTROL NUMBER | |
| control field | ##L131362 |
| 008 - FIXED-LENGTH DATA ELEMENTS--GENERAL INFORMATION | |
| fixed length control field | 051026n2005 000 0 eng u |
| 035 ## - SYSTEM CONTROL NUMBER | |
| System control number | (Sirsi) u131362 |
| 041 0# - LANGUAGE CODE | |
| Language code of text/sound track or separate title | eng |
| 110 2# - MAIN ENTRY--CORPORATE NAME | |
| Corporate name or jurisdiction name as entry element | Royal Institution of Chartered Surveyors |
| 9 (RLIN) | 4900 |
| 245 00 - TITLE STATEMENT | |
| Title | UK property industry unites for consumers |
| 260 ## - PUBLICATION, DISTRIBUTION, ETC. | |
| Date of publication, distribution, etc. | 2005 |
| 490 00 - SERIES STATEMENT | |
| Series statement | RICS Press Release |
| Volume/sequential designation | 24 October 2005 |
| 520 ## - SUMMARY, ETC. | |
| Summary, etc. | RICS and interested groups in the UK are investigating the establishment of a single, national property ombudsman for consumer complaints. The new service would act as a one stop shop for any consumer requiring access to redress in the property sector allowing the existing schemes to continue but providing consumers with an easy route to the right ombudsman for their problem. |
| 590 ## - LOCAL NOTE (RLIN) | |
| Local note | IKA251005 |
| 690 ## - LOCAL SUBJECT ADDED ENTRY--TOPICAL TERM (OCLC, RLIN) | |
| Topical term or geographic name as entry element | MANAGEMENT-BUSINESS MANAGEMENT-CUSTOMER RELATIONSHIP MANAGEMENT-COMPLAINTS HANDLING |
| 856 48 - ELECTRONIC LOCATION AND ACCESS | |
| Uniform Resource Identifier | <a href="https://www.rics.org/RICSWEB/getpage.aspx?p=d0Lh-WjL9kWns9dfjO8PVA">https://www.rics.org/RICSWEB/getpage.aspx?p=d0Lh-WjL9kWns9dfjO8PVA</a> |
| Public note | View the press release free of charge at www.rics.org... |
| 942 ## - ADDED ENTRY ELEMENTS (KOHA) | |
| Suppress in OPAC | 0 |
| Withdrawn status | Lost status | Source of classification or shelving scheme | Damaged status | Not for loan | Home library | Current library | Shelving location | Date acquired | Total Checkouts | Full call number | Barcode | Date last seen | Copy number | Price effective from | Koha item type |
|---|---|---|---|---|---|---|---|---|---|---|---|---|---|---|---|
| Dewey Decimal Classification | Virtual | Virtual | Online | 26/10/2005 | ONLINE PUBLICATION | 131362-1001 | 06/08/2019 | 1 | 06/08/2019 | Journal article |